000 00589nam a2200229Ia 4500
999 _c93716
_d93716
003 0100
005 20190701114948.0
008 130307s9999 xx 000 0 und d
020 _a0192851861
040 _cARRUPELIB
050 _aHB523.M35 1987
100 _aMacpherson, C.B
_946671
245 4 _aThe rise and fall of economic justice and other essays
260 _aOxford
260 _bOxford University Press
260 _c1987
300 _a154p.
300 _b21 cm.
650 _aDistributive justice, civil rights, industrial management
_xEmployee participation, property, liberalism
_946672
650 _aEconomics
_xpolitical aspects
_95052
942 0 0 _03
_2lcc
_cELECTRONIC